000 00482nam a22001937a 4500
003 MPLRDC
005 20220104114736.0
008 210129b ||||| |||| 00| 0 eng d
020 _a7-5441-0210-6
082 _a592.9154 YDQ v.4 no.1
100 _a杨大群
245 _a大较量. 上卷
_c
250 _a一版一刷
260 _a
_b沈阳出版社
_c1994
300 _b
490 _a战争与命运
650 _a第二次大战史
942 _cBK
_o592.9154 YDQ v.4 no.1
999 _c9866
_d9856